[Event "4. Oeffinger Open 2013"]
[Site "Oeffingen"]
[Date "2013.05.19"]
[Round "5.2"]
[White "Koch, Martin"]
[Black "Vaysberg, Alexander"]
[Result "1/2-1/2"]
[WhiteElo "1876"]
[BlackElo "2138"]
[PlyCount "88"]
[EventDate "2013.??.??"]

1. e4 d5 2. exd5 Nf6 3. Nf3 Qxd5 4. d4 Bg4 5. Nc3 Qd6 6. Be2 a6 7. Be3 Nc6 8.
Qd2 e6 9. h3 Bh5 10. O-O O-O-O 11. Rad1 Qb4 12. a3 Qxb2 13. Rb1 Qxa3 14. Rb3
Qa5 15. Rfb1 Bb4 16. Qc1 Bxc3 17. Ra3 Qd5 18. Rxc3 Ne4 19. Rcb3 Na5 20. Ra3 Nc4
21. Bxc4 Qxc4 22. Ne5 Qe2 23. c4 f6 24. Rb2 Qd1+ 25. Qxd1 Bxd1 26. Nf7 Bh5 (
26... Nd6) 27. Nxh8 Nd6 28. Rc3 Rxh8 29. Bf4 Rd8 30. Bxd6 Rxd6 31. Rcb3 Rxd4
32. Rxb7 Be8 33. Rb8+ Kd7 34. Ra8 Rxc4 35. Rxa6 e5 36. Rd2+ Rd4 37. Rc2 Bg6 38.
Rc1 Be4 39. Ra7 Bc6 40. Ra3 Rd6 41. Rac3 Re6 42. Rd1+ Ke7 43. Rdc1 Kd7 44. Rd1+
Ke7 1/2-1/2

[Event "4. Oeffinger Open 2013"]
[Site "Oeffingen"]
[Date "2013.05.19"]
[Round "5.3"]
[White "Klaus, Dominik"]
[Black "Holzhäuer, Mathias"]
[Result "0-1"]
[WhiteElo "1957"]
[BlackElo "2204"]
[PlyCount "40"]
[EventDate "2013.??.??"]

1. d4 Nf6 2. c4 Nc6 3. Nf3 e6 4. g3 d5 5. Bg2 dxc4 6. Qa4 Bb4+ 7. Bd2 Nd5 8.
Bxb4 Ndxb4 9. a3 b5 10. Qd1 Nd5 11. a4 b4 12. Qc2 Ba6 13. Nbd2 Na5 14. O-O c3
15. Ne4 b3 16. Qc1 Bxe2 17. Re1 Bxf3 18. Bxf3 c2 19. Nc5 O-O 20. Qd2 c6 0-1

[Event "4. Oeffinger Open 2013"]
[Site "Oeffingen"]
[Date "2013.05.19"]
[Round "5.4"]
[White "Gabriel, Josef"]
[Black "Schaffert, Walter"]
[Result "1-0"]
[WhiteElo "2060"]
[BlackElo "1969"]
[PlyCount "45"]
[EventDate "2013.??.??"]

1. Nf3 Nf6 2. b3 d6 3. d4 g6 4. Bb2 Bg7 5. Nbd2 c5 6. d5 O-O 7. e4 Qa5 8. Bd3
a6 9. O-O Bg4 10. h3 Bxf3 11. Nxf3 Nbd7 12. a4 c4 13. Bxc4 Nxe4 14. Bxg7 Kxg7
15. Re1 Ndf6 16. Qd4 e5 17. dxe6 d5 18. Bxd5 Qxd5 19. Qxd5 Nxd5 20. Rxe4 Rfe8
21. Rae1 f5 22. Rd4 Rad8 23. Red1 1-0

[Event "4. Oeffinger Open 2013"]
[Site "Oeffingen"]
[Date "2013.05.19"]
[Round "5.5"]
[White "Quernheim, Daniel"]
[Black "Meschke, Andreas"]
[Result "0-1"]
[WhiteElo "1871"]
[BlackElo "2058"]
[PlyCount "90"]
[EventDate "2013.??.??"]

1. d4 d5 2. c4 e6 3. Nf3 c6 4. Nc3 f5 5. Ne5 Nd7 6. Bf4 Nxe5 7. Bxe5 Nh6 8. e3
Nf7 9. Bg3 Be7 10. Bd3 O-O 11. O-O Nd6 12. c5 Nf7 13. b4 Bd7 14. b5 e5 15. Qa4
f4 16. exf4 exd4 17. Qxd4 Qa5 18. Nxd5 cxd5 19. Qxd5 Bxb5 20. c6 bxc6 21. Qh5
Nh6 22. a4 Bf6 23. axb5 Bxa1 24. Qd1 Rad8 25. Bc4+ Kh8 26. Qxa1 Qxa1 27. Rxa1
cxb5 28. Bxb5 Rd5 29. Bc6 Rc5 30. Be4 Rfc8 31. f3 Rc1+ 32. Rxc1 Rxc1+ 33. Kf2
a5 34. Ke2 a4 35. Kd2 Rc8 36. f5 a3 37. Be5 Rc5 38. Ba1 Nxf5 39. Bc3 a2 40. Ba1
Nd6 41. Bc2 Nc4+ 42. Kd3 Na5 43. Kd2 h5 44. g3 Rb5 45. Kc1 Nb3+ 0-1

[Event "4. Oeffinger Open 2013"]
[Site "Oeffingen"]
[Date "2013.05.19"]
[Round "5.6"]
[White "Vrabac, Branko"]
[Black "Spieker, Michael"]
[Result "1/2-1/2"]
[WhiteElo "1799"]
[BlackElo "1985"]
[PlyCount "115"]
[EventDate "2013.??.??"]

1. d4 f5 2. Bg5 h6 3. Bf4 Nf6 4. e3 g5 5. Be5 e6 6. Bd3 Bg7 7. c3 d6 8. Bxf6
Qxf6 9. Nd2 O-O 10. f4 g4 11. Ne2 b6 12. h3 Qh4+ 13. g3 Qh5 14. Ng1 Bb7 15. Rh2
Nd7 16. Qe2 Nf6 17. hxg4 Qxg4 18. Qf2 Qg6 19. Be2 Ne4 20. Nxe4 Bxe4 21. Bh5 Qf6
22. Bf3 c5 23. O-O-O cxd4 24. exd4 e5 25. fxe5 dxe5 26. Bxe4 Qg5+ 27. Qd2 Qxd2+
28. Rdxd2 fxe4 29. dxe5 Bxe5 30. Rxh6 Bg7 31. Re6 Kf7 32. Rdd6 Rae8 33. Rxe8
Kxe8 34. Ne2 Ke7 35. Rg6 Kf7 36. Rc6 Rd8 37. Nf4 Be5 38. Rc4 Bxf4+ 39. gxf4 Re8
40. Kd2 Kf6 41. Ke3 Kf5 42. a4 Rh8 43. Rxe4 Rh3+ 44. Kd4 Rh2 45. Re8 Rxb2 46.
Rf8+ Ke6 47. Kc4 Ra2 48. Kb3 Ra1 49. Ra8 a5 50. Rb8 Kf5 51. Rf8+ Ke6 52. Rd8
Kf5 53. Rd4 Ke6 54. Kc2 Ra2+ 55. Kd3 Ra1 56. Kc4 Rxa4+ 57. Kb5 Ra3 58. Kxb6
1/2-1/2

[Event "4. Oeffinger Open 2013"]
[Site "Oeffingen"]
[Date "2013.05.19"]
[Round "5.7"]
[White "Rempeli, Alex"]
[Black "Cummings, Orlyn"]
[Result "1-0"]
[WhiteElo "2015"]
[BlackElo "1782"]
[PlyCount "55"]
[EventDate "2013.??.??"]

1. d4 d5 2. c4 c6 3. Nf3 Nf6 4. Nc3 a6 5. c5 Bf5 6. Bg5 Nbd7 7. e3 Ne4 8. Bf4
g6 9. Nxe4 Bxe4 10. Nd2 Nf6 11. Qb3 Ra7 12. f3 Bf5 13. g4 Bc8 14. Be5 Bg7 15.
Bd3 Kf8 16. h3 Nd7 17. Bxg7+ Kxg7 18. f4 e6 19. O-O-O f5 20. Nf3 Nf6 21. Ne5
Ne4 22. Bxe4 dxe4 23. gxf5 gxf5 24. Rhg1+ Kf6 25. Qc2 Qf8 26. Rg5 Ke7 27. Rdg1
Ke8 28. Qe2 1-0

[Event "4. Oeffinger Open 2013"]
[Site "Oeffingen"]
[Date "2013.05.19"]
[Round "5.8"]
[White "Zimmermann, Tobias"]
[Black "Willems, Sebastian"]
[Result "1/2-1/2"]
[WhiteElo "2058"]
[BlackElo "1947"]
[PlyCount "53"]
[EventDate "2013.??.??"]

1. e4 d5 2. exd5 Nf6 3. d4 Bg4 4. Be2 Bxe2 5. Qxe2 Qxd5 6. Nf3 e6 7. O-O Nc6 8.
Rd1 O-O-O 9. c4 Qf5 10. Nc3 h6 11. Be3 g5 12. Qd3 Qxd3 13. Rxd3 Bg7 14. Rad1 a6
15. d5 exd5 16. cxd5 Nb4 17. R3d2 c6 18. Ne5 Rdf8 19. Bc5 Nbxd5 20. Bxf8 Rxf8
21. Nxd5 Nxd5 22. Nc4 Kc7 23. Ne3 Nxe3 24. fxe3 Be5 25. Rd7+ Kc8 26. Re7 Bf6
27. Red7 1/2-1/2

[Event "4. Oeffinger Open 2013"]
[Site "Oeffingen"]
[Date "2013.05.20"]
[Round "6.2"]
[White "Schnepp, Gunnar"]
[Black "Koch, Martin"]
[Result "1-0"]
[WhiteElo "2245"]
[BlackElo "1876"]
[PlyCount "59"]
[EventDate "2013.??.??"]

1. d4 Nf6 2. c4 c5 3. d5 b5 4. cxb5 a6 5. bxa6 g6 6. Nc3 Bg7 7. e4 d6 8. h3 O-O
9. Nf3 Bxa6 10. Bxa6 Nxa6 11. O-O Qb6 12. e5 dxe5 13. Nxe5 Rfd8 14. Qf3 Nb4 15.
Rd1 Nc2 16. Rb1 Nd4 17. Qf4 Qa5 18. Be3 Rxd5 19. Nc6 Nxc6 20. Nxd5 Nxd5 21.
Rxd5 Qxa2 22. Rdd1 Bxb2 23. Qc7 Nd4 24. Qxe7 Ne2+ 25. Kh1 Nc3 26. Rd8+ Rxd8 27.
Qxd8+ Kg7 28. Rxb2 Qxb2 29. Bxc5 Qc1+ 30. Kh2 1-0

[Event "4. Oeffinger Open 2013"]
[Site "Oeffingen"]
[Date "2013.05.20"]
[Round "6.3"]
[White "Vaysberg, Alexander"]
[Black "Holzhäuer, Mathias"]
[Result "0-1"]
[WhiteElo "2138"]
[BlackElo "2204"]
[PlyCount "100"]
[EventDate "2013.??.??"]

1. e4 d5 2. exd5 Nf6 3. c4 e6 4. dxe6 Bxe6 5. Nf3 Qe7 6. Qe2 Nc6 7. d4 Bg4 8.
Qxe7+ Bxe7 9. Be3 O-O-O 10. d5 Nb4 11. Kd1 c6 12. a3 Na6 13. Bxa7 cxd5 14. Nbd2
Bc5 15. Bxc5 Nxc5 16. cxd5 Rxd5 17. Bc4 Rd6 18. Kc2 Bf5+ 19. Kc3 Nce4+ 20. Nxe4
Nxe4+ 21. Kb3 Nxf2 22. Rhc1 Kb8 23. Bxf7 Nd3 24. Rc2 Rb6+ 25. Kc3 Rc8+ 26. Bc4
Rxc4+ 27. Kxc4 Rc6+ 28. Kd4 Rxc2 29. Nh4 Nc5 30. Re1 Bc8 31. b4 Ne6+ 32. Ke5 g5
33. Nf5 Nf4 34. Kf6 Nxg2 35. Re5 g4 36. Kg5 Rf2 37. Nd6 h6+ 38. Kg6 Bd7 39. Re7
Kc7 40. Nxb7 Nh4+ 41. Kh7 Rxh2 42. Nc5 Rd2 43. Rg7 Kd8 44. Rg8+ Kc7 45. Nxd7
Rxd7+ 46. Kxh6 Nf5+ 47. Kh5 Rh7+ 48. Kg5 Rf7 49. Rg6 g3 50. Kg4 g2 0-1

[Event "4. Oeffinger Open 2013"]
[Site "Oeffingen"]
[Date "2013.05.20"]
[Round "6.4"]
[White "Rempeli, Alex"]
[Black "Gabriel, Josef"]
[Result "0-1"]
[WhiteElo "2015"]
[BlackElo "2060"]
[PlyCount "84"]
[EventDate "2013.??.??"]

1. d4 g6 2. c4 Bg7 3. e4 c5 4. d5 d6 5. Nf3 Nf6 6. Nc3 O-O 7. Be2 b5 8. cxb5 a6
9. O-O axb5 10. Bxb5 Qa5 11. Qc2 Na6 12. Re1 Nb4 13. Qe2 Rb8 14. Bg5 h6 15. a3
Nc2 16. Qxc2 hxg5 17. Qd3 g4 18. Nd2 Nd7 19. Nc4 Qa7 20. a4 Ne5 21. Nxe5 Bxe5
22. Qd2 Kg7 23. g3 Qa5 24. Qd3 Rh8 25. Re2 f6 26. Rf1 Rh6 27. Nd1 Qd8 28. Kg2
Rh3 29. f3 gxf3+ 30. Qxf3 Qh8 31. Kg1 Qh6 32. Rg2 Qg5 33. Nf2 Bd4 34. Kh1 Rh7
35. b3 Be5 36. Re1 Ra8 37. Nd3 Bg4 38. Qe3 Qxe3 39. Rxe3 Bd4 40. Ree2 Bf3 41.
Ne1 Rxh2+ 42. Kxh2 Rh8# 0-1

[Event "4. Oeffinger Open 2013"]
[Site "Oeffingen"]
[Date "2013.05.20"]
[Round "6.5"]
[White "Spieker, Michael"]
[Black "Kolb, Roland"]
[Result "1-0"]
[WhiteElo "1985"]
[BlackElo "1834"]
[PlyCount "50"]
[EventDate "2013.??.??"]

1. e4 d6 2. d4 Nf6 3. Nc3 g6 4. Nf3 Bg7 5. h3 O-O 6. Be3 c6 7. a4 Qc7 8. a5 e5
9. dxe5 dxe5 10. Bc4 Qe7 11. Ra4 Nbd7 12. Qa1 h6 13. O-O Re8 14. Qa2 Nh5 15.
Ne2 Nf8 16. g4 Nf6 17. Nc3 Be6 18. Nxe5 Nxe4 19. Nxg6 Nxg6 20. Nxe4 Qh4 21.
Bxe6 Rxe6 22. Kg2 Rae8 23. Ng3 Rxe3 24. fxe3 Rxe3 25. Qxf7+ Kh7 1-0

[Event "4. Oeffinger Open 2013"]
[Site "Oeffingen"]
[Date "2013.05.20"]
[Round "6.6"]
[White "Süss, Stefan"]
[Black "Vrabac, Branko"]
[Result "0-1"]
[WhiteElo "1849"]
[BlackElo "1799"]
[PlyCount "56"]
[EventDate "2013.??.??"]

1. e4 e6 2. d4 d5 3. Nc3 Bb4 4. e5 Ne7 5. Nf3 c5 6. a3 Bxc3+ 7. bxc3 Nbc6 8.
Bd3 c4 9. Be2 Qa5 10. Bd2 Qa4 11. O-O O-O 12. Qc1 f6 13. exf6 Rxf6 14. Bf4 Ng6
15. Bg3 Rf5 16. Re1 Bd7 17. Bd1 Re8 18. Qd2 Qa5 19. h3 e5 20. Nxe5 Ngxe5 21.
dxe5 Nxe5 22. f4 Ng6 23. Bg4 Rxe1+ 24. Rxe1 Rf7 25. f5 Bxf5 26. Re8+ Nf8 27.
Bxf5 Rxf5 28. Bd6 Qb6+ 0-1

[Event "4. Oeffinger Open 2013"]
[Site "Oeffingen"]
[Date "2013.05.20"]
[Round "6.8"]
[White "Schaffert, Walter"]
[Black "Alber, Wilhelm"]
[Result "1-0"]
[WhiteElo "1969"]
[BlackElo "1818"]
[PlyCount "43"]
[EventDate "2013.??.??"]

1. e4 c6 2. d4 d5 3. exd5 cxd5 4. c4 Nf6 5. Nc3 e6 6. Nf3 Bb4 7. cxd5 Nxd5 8.
Bd2 O-O 9. Bd3 Be7 10. a3 Nf6 11. Bg5 Nc6 12. h4 h5 13. O-O Ng4 14. Bc2 e5 15.
Bxe7 Qxe7 16. Re1 Rd8 17. Qd3 f5 18. Qc4+ Be6 19. d5 Nd4 20. Nxd4 Rac8 21. Qe2
exd4 22. Bxf5 1-0

[Event "4. Oeffinger Open 2013"]
[Site "Oeffingen"]
[Date "2013.05.20"]
[Round "7.5"]
[White "Koch, Martin"]
[Black "Meschke, Andreas"]
[Result "0-1"]
[WhiteElo "1876"]
[BlackElo "2058"]
[PlyCount "34"]
[EventDate "2013.??.??"]

1. e4 e5 2. Nf3 Nc6 3. Nc3 Nf6 4. d4 exd4 5. Nxd4 Bb4 6. Nxc6 bxc6 7. Bd3 d5 8.
exd5 cxd5 9. O-O O-O 10. Na4 Bg4 11. f3 Bd7 12. c3 Bd6 13. Re1 Re8 14. Be3 Rxe3
15. Rxe3 Bxa4 16. Qxa4 Bc5 17. Rae1 Qe7 0-1

[Event "4. Oeffinger Open 2013"]
[Site "Oeffingen"]
[Date "2013.05.20"]
[Round "7.8"]
[White "Philippin, Otto"]
[Black "Rempeli, Alex"]
[Result "0-1"]
[WhiteElo "1819"]
[BlackElo "2015"]
[PlyCount "72"]
[EventDate "2013.??.??"]

1. f4 Nf6 2. Nf3 d5 3. e3 g6 4. b3 Bg7 5. Bb2 O-O 6. Be2 c5 7. O-O Nc6 8. Bb5
Qb6 9. Bxc6 Qxc6 10. Ne5 Qc7 11. c4 dxc4 12. Na3 cxb3 13. axb3 Be6 14. Rc1 a5
15. Qc2 b6 16. Nb5 Qb7 17. d3 Nd5 18. Rce1 Rfd8 19. Bc3 Nxc3 20. Nxc3 Rac8 21.
Nc4 Qa6 22. Ne4 b5 23. Ne5 Qb6 24. Ng5 c4 25. bxc4 Bxe5 26. fxe5 bxc4 27. Qf2
cxd3 28. Qh4 h5 29. Qf4 d2 30. Rd1 Qb3 31. Nxe6 Qxe6 32. e4 Rc2 33. Rf2 a4 34.
Rfxd2 Rdxd2 35. Rxd2 Rxd2 36. Qxd2 Qxe5 0-1

[Event "4. Oeffinger Open 2013"]
[Site "Oeffingen"]
[Date "2013.05.20"]
[Round "7.3"]
[White "Vaysberg, Alexander"]
[Black "Spieker, Michael"]
[Result "1-0"]
[WhiteElo "2138"]
[BlackElo "1985"]
[PlyCount "143"]
[EventDate "2013.??.??"]

1. e4 c5 2. Nc3 Nc6 3. Bb5 Nf6 4. Bxc6 dxc6 5. d3 g6 6. f4 Bg7 7. Nf3 Bg4 8.
O-O O-O 9. Be3 b6 10. Qe1 Bxf3 11. Rxf3 Ng4 12. Bd2 e6 13. Qg3 f5 14. e5 Rf7
15. h3 Nh6 16. Ne2 Bf8 17. Be3 Rd7 18. Rff1 Rc8 19. Kh1 Be7 20. Ng1 Nf7 21. Nf3
Rcc7 22. Rf2 Rd5 23. Rd2 Qc8 24. Rad1 Qa6 25. b3 Qc8 26. Qf2 Nd8 27. c4 Rdd7
28. d4 cxd4 29. Nxd4 Bc5 30. Nf3 Rxd2 31. Qxd2 Bxe3 32. Qxd8+ Qxd8 33. Rxd8+
Kg7 34. Ng5 Re7 35. Rd6 h6 36. Nxe6+ Kf7 37. Nd8+ Ke8 38. Nxc6 Rd7 39. g3 g5
40. Kg2 gxf4 41. Kf3 Bc5 42. Rxd7 Kxd7 43. Nxa7 fxg3 44. Kxg3 Be3 45. Kf3 Bd2
46. Ke2 Bf4 47. Nb5 Bxe5 48. Kd3 Ke6 49. Nd4+ Kf6 50. Nf3 Bb2 51. c5 bxc5 52.
Kc4 Ba3 53. Kd5 f4 54. Ke4 Bc1 55. a4 Ke6 56. Ne5 Kd6 57. Nd3 Bd2 58. Nxf4 c4
59. bxc4 Kc5 60. a5 Bxa5 61. Kd3 Be1 62. Ne2 Bh4 63. Nc3 Kc6 64. Ne4 Be1 65.
Kd4 Kd7 66. Kd5 Ke7 67. c5 Ba5 68. c6 Kf7 69. Kd6 Kg6 70. Kd7 Kh5 71. Nd6 Kh4
72. Nc4 1-0

[Event "4. Oeffinger Open 2013"]
[Site "Oeffingen"]
[Date "2013.05.20"]
[Round "7.4"]
[White "Vrabac, Branko"]
[Black "Schaffert, Walter"]
[Result "1-0"]
[WhiteElo "1799"]
[BlackElo "1969"]
[PlyCount "155"]
[EventDate "2013.??.??"]

1. d4 Nf6 2. Nc3 d5 3. Nf3 Bf5 4. e3 e6 5. Bd3 Bxd3 6. cxd3 c5 7. O-O Nc6 8.
Re1 cxd4 9. exd4 Bd6 10. Bg5 O-O 11. Nb5 Be7 12. Ne5 h6 13. Be3 Qb6 14. Qb3 a6
15. Nxc6 bxc6 16. Nc3 Qxb3 17. axb3 Rfb8 18. Na4 Rxb3 19. Red1 Kf8 20. Kf1 Ke8
21. Ke2 Kd7 22. h3 Kc7 23. Rdc1 Nd7 24. Rc2 Rb4 25. Kd2 a5 26. Nc3 Bg5 27. Rac1
Ra6 28. Ne2 Rab6 29. Rb1 a4 30. Ra1 Kd6 31. f4 Bf6 32. Ra2 R6b5 33. Kc1 Ra5 34.
Rc3 c5 35. dxc5+ Nxc5 36. Rca3 Nb3+ 37. Kb1 Ra8 38. Nc3 d4 39. Ne4+ Kd5 40. Bd2
Nxd2+ 41. Nxd2 Bh4 42. Nc4 Kc5 43. b3 axb3 44. Rxa8 bxa2+ 45. Kxa2 Rb7 46. Ra5+
Kb4 47. Kb2 Rc7 48. Re5 Bg3 49. Re4 Bf2 50. Kc2 Ra7 51. Kb2 Ra6 52. g4 f6 53.
f5 exf5 54. gxf5 Ra7 55. Re2 Bg3 56. Re4 Kc5 57. Nd2 Kd5 58. Nc4 Rb7+ 59. Kc2
Be5 60. Re1 Rb5 61. Rg1 Rb7 62. Ra1 Kc6 63. Na5+ Kc7 64. Nxb7 Kxb7 65. Rg1 Kc6
66. Rxg7 Bf4 67. Rg4 Be3 68. Kb3 Kd5 69. Re4 Kc5 70. Re6 Bg5 71. Ka4 Bh4 72.
Re4 Bf2 73. Re8 Bg3 74. Rd8 Bf2 75. Kb3 Bg3 76. Kc2 Bf4 77. Kd1 Bd6 78. Ke2 {ZÜ
} 1-0

[Event "4. Oeffinger Open 2013"]
[Site "Oeffingen"]
[Date "2013.05.20"]
[Round "7.6"]
[White "Quernheim, Daniel"]
[Black "Willems, Sebastian"]
[Result "1-0"]
[WhiteElo "1871"]
[BlackElo "1947"]
[PlyCount "115"]
[EventDate "2013.??.??"]

1. d4 Nf6 2. c4 g6 3. Nc3 Bg7 4. e4 d6 5. f3 O-O 6. Be3 Na6 7. Qd2 c5 8. d5 Re8
9. Bh6 Bh8 10. Nge2 Qa5 11. h4 Nc7 12. h5 b5 13. hxg6 fxg6 14. Nxb5 Qxd2+ 15.
Bxd2 Nxb5 16. cxb5 Bd7 17. a4 a6 18. bxa6 Rxa6 19. Nc3 Raa8 20. Bb5 Reb8 21.
Ke2 Bxb5+ 22. Nxb5 Nd7 23. Bc3 Bxc3 24. bxc3 Nb6 25. Kd3 Rxa4 26. Rxa4 Nxa4 27.
Rb1 Nb6 28. Na7 Ra8 29. Nc6 Nc8 30. Rb7 Kf8 31. e5 dxe5 32. Nxe5 Nd6 33. Rc7
Ra2 34. g4 c4+ 35. Nxc4 Nxc4 36. Rxc4 Rf2 37. Rf4+ Ke8 38. Kc4 Kd7 39. g5 Rg2
40. Rg4 Ra2 41. Kb5 Kd6 42. Rd4 Rb2+ 43. Kc4 Rf2 44. f4 Re2 45. Kb5 Rc2 46. Kc4
Re2 47. Kd3 Re1 48. Re4 Rd1+ 49. Kc4 Rxd5 50. Rxe7 Rc5+ 51. Kd4 Rxc3 52. Rxh7
Ra3 53. Rg7 Ra4+ 54. Ke3 Ra3+ 55. Ke4 Ra4+ 56. Kf3 Ra1 57. Rxg6+ Ke7 58. Rb6
1-0

[Event "4. Oeffinger Open 2013"]
[Site "Oeffingen"]
[Date "2013.05.20"]
[Round "7.7"]
[White "Engbrecht, Helmut"]
[Black "Jantos, Stefan"]
[Result "1/2-1/2"]
[WhiteElo "1899"]
[BlackElo "1807"]
[PlyCount "147"]
[EventDate "2013.??.??"]

1. e4 d5 2. Nc3 d4 3. Nce2 e5 4. d3 g5 5. h4 g4 6. f4 gxf3 7. Nxf3 Nc6 8. c3
Bg4 9. cxd4 exd4 10. Nf4 Qd6 11. Be2 h5 12. Kf2 O-O-O 13. Qa4 Kb8 14. Nd5 Bh6
15. b4 Nf6 16. b5 Nxd5 17. exd5 Ne5 18. Bxh6 Rxh6 19. Qxd4 Rf6 20. Rae1 Qxd5
21. Qxd5 Rxd5 22. Kg3 Rg6 23. Nxe5 Rxe5 24. Bxg4 Rxg4+ 25. Kh3 Rxe1 26. Rxe1
Kc8 27. Re5 Rd4 28. Rxh5 Kd7 29. Rg5 Rxd3+ 30. g3 Ke7 31. h5 Rd6 32. Rc5 c6 33.
bxc6 bxc6 34. Ra5 Rd7 35. g4 Kf6 36. g5+ Kg7 37. Kg4 Rb7 38. Kf5 Rc7 39. Ke5 c5
40. Kd6 Rb7 41. Kxc5 f6 42. Kc6 Rf7 43. g6 Re7 44. a4 Kh6 45. Rf5 Re6+ 46. Kd7
Ra6 47. a5 Kg7 48. Kc7 Re6 49. Rd5 Kh6 50. Rd6 Re5 51. a6 f5 52. Kd8 f4 53. Rf6
Ra5 54. Kc8 Rxh5 55. Rxf4 Kxg6 56. Kb8 Rh7 57. Rb4 Kf6 58. Rb7 Rh8+ 59. Kxa7
Ke5 60. Rd7 Rh3 61. Kb8 Ke6 62. Rd1 Rb3+ 63. Ka8 Ke7 64. a7 Ke6 65. Rh1 Kd6 66.
Rh8 Kc7 67. Rb8 Rd3 68. Rb7+ Kc6 69. Rb8 Rd7 70. Rc8+ Kb6 71. Rb8+ Ka6 72. Rh8
Rxa7+ 73. Kb8 Rg7 74. Rh6+ 1/2-1/2